000 00384nam a2200169Ia 4500
001 9556
003 IN-NITTTR
005 20251114233048.0
008 251113s9999||||xx |||||||||||||| ||eng||
040 _beng
040 _cIN-NITTTR
041 _aeng
082 _a690.0212 N139S
100 _aNagarajan, R.
245 0 _aStandards in building. /
_cNagarajan, R.
942 _2ddc
_cBK
999 _c12193
_d12193